[Event "APA Mag 30 years-A corr"]
[Site "Argentina"]
[Date "2001.03.31"]
[Round "?"]
[White "Coleman, Peter L"]
[Black "Goncalves, Antonio"]
[Result "1-0"]
[WhiteElo "2535"]
[BlackElo "2551"]
[PlyCount "71"]
[EventDate "2001.??.??"]
[EventType "tourn (corr)"]
[EventRounds "13"]
[EventCountry "ARG"]
[EventCategory "12"]
[SourceTitle "Corr 2024"]
[Source "ChessBase"]
[SourceDate "2023.10.19"]
[SourceVersion "1"]
[SourceVersionDate "2023.10.19"]
[SourceQuality "1"]

1. e4 c5 2. Nf3 Nc6 3. d4 cxd4 4. Nxd4 Nf6 5. Nc3 e5 6. Ndb5 d6 7. Bg5 a6 8. Na3 b5 9. Bxf6 gxf6 10. Nd5 f5 11. Bd3 Be6 12. 0-0 Bxd5 13. exd5 Ne7 14. Nxb5 Bg7 15. Nc3 e4 16. Bc4 Qa5 17. Qe2 Rg8 18. Nd1 Be5 19. c3 Ng6 20. Ne3 Nf4 21. Qc2 Qd8 22. g3 Nh3+ 23. Kh1 Qg5 24. f4 exf3 25. Qxf5 Rb8 26. Rab1 Qxf5 27. Nxf5 Rg4 28. Bb3 Ng5 29. Nh6 f5 30. Nxf5 Ne4 31. Rbe1 Kd7 32. Rxf3 Nd2 33. Rf2 Nxb3 34. axb3 Rxb3 35. Nh6 Rg6 36. Rf7+ 1-0

[Event "APA Mag 30 years-A corr"]
[Site "Argentina"]
[Date "2001.03.31"]
[Round "?"]
[White "Goncalves, Antonio"]
[Black "Blanco Gramajo, Cesar Augusto"]
[Result "1-0"]
[WhiteElo "2551"]
[BlackElo "2508"]
[PlyCount "101"]
[EventDate "2001.??.??"]
[EventType "tourn (corr)"]
[EventRounds "13"]
[EventCountry "ARG"]
[EventCategory "12"]
[SourceTitle "Corr 2024"]
[Source "ChessBase"]
[SourceDate "2023.10.19"]
[SourceVersion "1"]
[SourceVersionDate "2023.10.19"]
[SourceQuality "1"]

1. d4 Nf6 2. c4 g6 3. Nc3 Bg7 4. e4 d6 5. Be2 0-0 6. Nf3 e5 7. 0-0 Nc6 8. d5 Ne7 9. b4 Ne8 10. Nd2 f5 11. c5 Nf6 12. f3 f4 13. Nc4 g5 14. Ba3 Ng6 15. b5 dxc5 16. Bxc5 Rf7 17. Bf2 Bf8 18. Rc1 h5 19. Qc2 g4 20. Kh1 Bd6 21. b6 g3 22. bxc7 Bxc7 23. hxg3 fxg3 24. Bxg3 h4 25. Bf2 Nh5 26. Rfd1 Qg5 27. d6 Bd8 28. Ne3 Be6 29. Ncd5 Kh8 30. Bc4 Rg7 31. Nc7 Bxc7 32. Bxe6 Bb6 33. Nd5 Ngf4 34. Nxf4 Nxf4 35. Bg4 Bxf2 36. Qxf2 Nd3 37. Rxd3 Qxc1+ 38. Qg1 Qf4 39. d7 Rd8 40. Rd5 Qg3 41. Bh3 b6 42. Qe3 Rg5 43. Kg1 Kg7 44. Kf1 Rg6 45. Qc3 Kh6 46. Qxe5 Qxe5 47. Rxe5 Rg7 48. Rd5 Kg6 49. Ke2 Kf7 50. Kd3 Ke7 51. e5 1-0

[Event "APA Mag 30 years-A corr"]
[Site "Argentina"]
[Date "2001.03.31"]
[Round "?"]
[White "Goncalves, Antonio"]
[Black "Hofstetter, Hans Joachim"]
[Result "1/2-1/2"]
[WhiteElo "2551"]
[BlackElo "2554"]
[PlyCount "81"]
[EventDate "2001.??.??"]
[EventType "tourn (corr)"]
[EventRounds "13"]
[EventCountry "ARG"]
[EventCategory "12"]
[SourceTitle "Corr 2024"]
[Source "ChessBase"]
[SourceDate "2023.10.19"]
[SourceVersion "1"]
[SourceVersionDate "2023.10.19"]
[SourceQuality "1"]

1. d4 Nf6 2. c4 e6 3. Nf3 Bb4+ 4. Bd2 Bxd2+ 5. Qxd2 d5 6. e3 0-0 7. Nc3 Qe7 8. a3 Rd8 9. Rd1 Nbd7 10. Qc2 dxc4 11. Bxc4 c5 12. 0-0 Nb6 13. Ba2 cxd4 14. exd4 Bd7 15. Rfe1 Qd6 16. Ne5 Be8 17. Ne4 Nxe4 18. Qxe4 Nd5 19. Bb1 g6 20. h4 Qb6 21. Rd2 Rac8 22. Ba2 Qa5 23. Rde2 Kg7 24. h5 Nf6 25. Qh4 Nxh5 26. Bxe6 fxe6 27. Qe7+ Kg8 28. Ng4 Bb5 29. Nh6+ Kh8 30. Nf7+ Kg8 31. Nh6+ Kh8 32. Nf7+ Kg8 33. Nxd8 Qxd8 34. Qxe6+ Kf8 35. Re5 Bc4 36. Qh3 Bf7 37. Qe3 Ng7 38. d5 b6 39. Qf4 Kg8 40. Re7 Qxd5 41. Rxa7 1/2-1/2

[Event "APA Mag 30 years-A corr"]
[Site "Argentina"]
[Date "2001.03.31"]
[Round "?"]
[White "Gouw, Carol Peter"]
[Black "Goncalves, Antonio"]
[Result "1/2-1/2"]
[WhiteElo "2510"]
[BlackElo "2551"]
[PlyCount "103"]
[EventDate "2001.??.??"]
[EventType "tourn (corr)"]
[EventRounds "13"]
[EventCountry "ARG"]
[EventCategory "12"]
[SourceTitle "Corr 2024"]
[Source "ChessBase"]
[SourceDate "2023.10.19"]
[SourceVersion "1"]
[SourceVersionDate "2023.10.19"]
[SourceQuality "1"]

1. c4 e5 2. Nc3 Nf6 3. Nf3 Nc6 4. g3 d5 5. cxd5 Nxd5 6. Bg2 Nb6 7. 0-0 Be7 8. Rb1 g5 9. a3 h5 10. b4 g4 11. Ne1 h4 12. b5 Nd4 13. a4 Qd6 14. d3 hxg3 15. fxg3 Qc5 16. e3 Qxc3 17. a5 Nd7 18. Bb2 Qxa5 19. exd4 Qxb5 20. Nc2 Qb6 21. Ne3 Rxh2 22. Nf5 Rxg2+ 23. Kxg2 Qg6 24. Rc1 c5 25. dxc5 b6 26. c6 Nc5 27. Nxe7 Kxe7 28. Qe2 Qxc6+ 29. Kg1 Qd5 30. Bxe5 Be6 31. Qe3 a5 32. Rc4 Qxd3 33. Qg5+ Ke8 34. Rd4 Qg6 35. Qh4 f5 36. Rd6 Kf7 37. Rc1 Rb8 38. Rxe6 Qxe6 39. Qh5+ Kf8 40. Re1 Rc8 41. Bg7+ Kxg7 42. Rxe6 Nxe6 43. Qxf5 Rc1+ 44. Kg2 Re1 45. Qxg4+ Kh6 46. Qf5 Ng5 47. Qf6+ Kh5 48. Qxb6 a4 49. Qd8 Re4 50. Qd1+ Rg4 51. Kf2 Ne4+ 52. Ke3 1/2-1/2

[Event "APA Mag 30 years-A corr"]
[Site "Argentina"]
[Date "2001.03.31"]
[Round "?"]
[White "Macchia, Antonio Jorge"]
[Black "Goncalves, Antonio"]
[Result "0-1"]
[WhiteElo "2490"]
[BlackElo "2551"]
[PlyCount "76"]
[EventDate "2001.??.??"]
[EventType "tourn (corr)"]
[EventRounds "13"]
[EventCountry "ARG"]
[EventCategory "12"]
[SourceTitle "Corr 2024"]
[Source "ChessBase"]
[SourceDate "2023.10.19"]
[SourceVersion "1"]
[SourceVersionDate "2023.10.19"]
[SourceQuality "1"]

1. e4 c5 2. Nf3 Nc6 3. d4 cxd4 4. Nxd4 Nf6 5. Nc3 d6 6. Bg5 e6 7. Qd2 a6 8. 0-0-0 h6 9. Be3 Be7 10. f4 Bd7 11. h3 b5 12. Bd3 Nxd4 13. Bxd4 b4 14. Ne2 e5 15. Be3 Qa5 16. Kb1 0-0 17. Rhf1 Rfc8 18. g4 exf4 19. Rxf4 Be6 20. Nc1 Nd7 21. Rff1 Ne5 22. Be2 Rc6 23. Nb3 Qa4 24. g5 Rac8 25. Rc1 hxg5 26. Bxg5 Bxg5 27. Qxg5 Rc5 28. Qd2 Nc4 29. Bxc4 Bxc4 30. Rf5 Bxb3 31. axb3 Qc6 32. Rd5 a5 33. Qd3 Re8 34. Rd4 Re6 35. Rg1 Qc7 36. Rg4 Qe7 37. Qg3 Qf6 38. h4 Qxd4 0-1

[Event "CXEB B email"]
[Site "Brazil"]
[Date "1998.11.16"]
[Round "?"]
[White "Goncalves, Antonio"]
[Black "Baldomero Garcia, Julio"]
[Result "1-0"]
[WhiteElo "2531"]
[BlackElo "2481"]
[PlyCount "87"]
[EventDate "1996.??.??"]
[EventType "tourn (corr)"]
[EventRounds "10"]
[EventCountry "BRA"]
[SourceTitle "Corr 2024"]
[Source "ChessBase"]
[SourceDate "2023.10.19"]
[SourceVersion "1"]
[SourceVersionDate "2023.10.19"]
[SourceQuality "1"]

1. d4 d5 2. c4 c6 3. Nf3 Nf6 4. Nc3 dxc4 5. a4 Bf5 6. Ne5 e6 7. f3 Bb4 8. e4 Bxe4 9. fxe4 Nxe4 10. Bd2 Qxd4 11. Nxe4 Qxe4+ 12. Qe2 Bxd2+ 13. Kxd2 Qd5+ 14. Kc2 Na6 15. Nxc4 Rd8 16. Qe5 0-0 17. Be2 f6 18. Qxd5 cxd5 19. Na5 Rf7 20. Bxa6 bxa6 21. Rac1 Rb8 22. b3 e5 23. Kd3 Rd7 24. Rc6 Rb6 25. Rhc1 Kf7 26. Rc8 Ke7 27. R1c7 h5 28. Rxd7+ Kxd7 29. Ra8 Kd6 30. Kc3 g5 31. Rxa7 e4 32. Nb7+ Ke5 33. Nc5 Rc6 34. b4 d4+ 35. Kd2 f5 36. Rxa6 Rc8 37. Rg6 h4 38. a5 Ra8 39. a6 Kd5 40. Ne6 Kc4 41. b5 e3+ 42. Kd1 Ra7 43. Rg7 Ra8 44. Nc7 1-0

[Event "CXEB B email"]
[Site "Brazil"]
[Date "1998.11.16"]
[Round "?"]
[White "Goncalves, Antonio"]
[Black "Bernardino, Zelio"]
[Result "1/2-1/2"]
[WhiteElo "2531"]
[BlackElo "2373"]
[PlyCount "33"]
[EventDate "1996.??.??"]
[EventType "tourn (corr)"]
[EventRounds "10"]
[EventCountry "BRA"]
[SourceTitle "Corr 2024"]
[Source "ChessBase"]
[SourceDate "2023.10.19"]
[SourceVersion "1"]
[SourceVersionDate "2023.10.19"]
[SourceQuality "1"]

1. d4 Nf6 2. c4 e6 3. Nf3 b6 4. a3 Bb7 5. Nc3 d5 6. Bg5 Be7 7. Qa4+ c6 8. Bxf6 Bxf6 9. cxd5 exd5 10. g3 0-0 11. Bg2 Nd7 12. 0-0 Be7 13. Rfd1 Re8 14. Rac1 a5 15. Qc2 b5 16. e3 b4 17. Nb1 1/2-1/2

[Event "CXEB B email"]
[Site "Brazil"]
[Date "1998.11.16"]
[Round "?"]
[White "Goncalves, Antonio"]
[Black "Cirello, Luiz Fernando"]
[Result "1/2-1/2"]
[WhiteElo "2531"]
[BlackElo "2350"]
[PlyCount "88"]
[EventDate "1996.??.??"]
[EventType "tourn (corr)"]
[EventRounds "10"]
[EventCountry "BRA"]
[SourceTitle "Corr 2024"]
[Source "ChessBase"]
[SourceDate "2023.10.19"]
[SourceVersion "1"]
[SourceVersionDate "2023.10.19"]
[SourceQuality "1"]

1. d4 Nf6 2. c4 c5 3. d5 e5 4. Nc3 d6 5. e4 Be7 6. Nf3 Nbd7 7. h3 Nf8 8. Be3 Ng6 9. Qd2 h5 10. Be2 h4 11. 0-0-0 a6 12. Kb1 Bd7 13. Ng5 Qa5 14. Rdg1 b5 15. g3 Rb8 16. Nd1 Qb6 17. f4 hxg3 18. f5 Nh4 19. Rxg3 bxc4 20. Rf1 Ba4 21. Bxc4 Bxd1 22. Rxd1 Nh5 23. Rg4 Bxg5 24. Bxg5 Nf3 25. Qc1 Nxg5 26. Rxg5 Rh7 27. Rd3 Nf4 28. Rb3 Qd8 29. Rbg3 Kf8 30. Bxa6 Qa5 31. Bf1 Qa4 32. Qc2 Qa5 33. Rc3 g6 34. a3 gxf5 35. Rxf5 Rg7 36. Ka2 Rg1 37. Rb3 Rxb3 38. Qxb3 Qa7 39. Qb5 Ke7 40. h4 Rg8 41. Qc6 Rb8 42. Bb5 Rh8 43. Kb1 Nh5 44. Rf3 Rb8 1/2-1/2

[Event "CXEB B email"]
[Site "Brazil"]
[Date "1998.11.16"]
[Round "?"]
[White "Tosti, Ricardo Remigio"]
[Black "Goncalves, Antonio"]
[Result "0-1"]
[WhiteElo "2475"]
[BlackElo "2531"]
[PlyCount "90"]
[EventDate "1996.??.??"]
[EventType "tourn (corr)"]
[EventRounds "10"]
[EventCountry "BRA"]
[SourceTitle "Corr 2024"]
[Source "ChessBase"]
[SourceDate "2023.10.19"]
[SourceVersion "1"]
[SourceVersionDate "2023.10.19"]
[SourceQuality "1"]

1. d4 Nf6 2. c4 e6 3. Nf3 b6 4. g3 Ba6 5. Qb3 Nc6 6. Bd2 Bb7 7. Bc3 Ne4 8. a3 Nxc3 9. Qxc3 Be7 10. Qd3 d5 11. cxd5 Qxd5 12. e4 Qd7 13. Nc3 Bf6 14. Rd1 0-0-0 15. d5 exd5 16. Nxd5 Bxb2 17. Qc2 Qe8 18. Qxb2 Rxd5 19. Bh3+ Kb8 20. 0-0 Qxe4 21. Qxg7 Rhd8 22. Rxd5 Qxd5 23. Bg2 Nd4 24. Nh4 Ne2+ 25. Kh1 Qc4 26. Qf6 Bxg2+ 27. Kxg2 Rd3 28. Qh8+ Kb7 29. Qxh7 Rxa3 30. Qf5 Nd4 31. Qe5 Rd3 32. h3 a5 33. Qf4 Qd5+ 34. Kh2 b5 35. Rc1 c6 36. Qf6 Nf3+ 37. Nxf3 Rxf3 38. Qb2 a4 39. h4 a3 40. Qe2 Rd3 41. Qe7+ Kb6 42. Qe8 c5 43. Qb8+ Ka5 44. Qa7+ Kb4 45. Qe7 a2 0-1